Políticas de estabilización y deuda externa en El Salvador /

Salvato in:
Dettagli Bibliografici
Autore principale: Saca, Nolvia
Ente Autore: CSUCA
Altri autori: Rivera Campos, Roberto
Natura: testo
Pubblicazione: s.l.: CSUCA
Tags: Aggiungi Tag
Nessun Tag, puoi essere il primo ad aggiungerne!!

MARC

LEADER 00000 a a2200000 04500
001 22460
003
040
090 |a 152900  
100 |a Saca, Nolvia  
110 |a CSUCA  
245 |a Políticas de estabilización y deuda externa en El Salvador /  |c Nolvia Saca 
260 |a s.l.:   |b CSUCA  
300 |a 75 p   |b **no definido**  
700 |a Rivera Campos, Roberto  
999 |c 12818  |d 12818